<La> flexibilité dans les entreprises
Gespeichert in:
| 1. Verfasser: | |
|---|---|
| Format: | Buch |
| Sprache: | Französisch |
| Veröffentlicht: |
Paris
Presses Universitaires de France
1999
|
| Schriftenreihe: | Que sais - je ?
3477 |
| Schlagworte: | |
| Tags: |
Keine Tags, Fügen Sie das erste Tag hinzu!
|
MARC
| LEADER | 00000nam$a2200000$$$4500 | ||
|---|---|---|---|
| 001 | 0115362 | ||
| 005 | 20240111125152.9 | ||
| 020 | |a 2-13-049972-4 | ||
| 041 | 0 | |a fre | |
| 044 | |a FR | ||
| 245 | 1 | 0 | |a <La> flexibilité dans les entreprises |c Jean-Claude Tarondeau |
| 264 | 1 | |a Paris |b Presses Universitaires de France |c 1999 | |
| 300 | |a 127 s. | ||
| 490 | 1 | |a Que sais - je ? |v 3477 | |
| 830 | 0 | |a Que sais - je ? |v 3477 | |
| 610 | 2 | 0 | |a flexibilita |
| 610 | 2 | 0 | |a politika podnikania |
| 610 | 2 | 0 | |a podnik |
| 100 | 1 | |a Tarondeau, Jean-Claude | |